L'Asie pacifique au XXe siècle (notice n° 1566739)

détails MARC
000 -LEADER
fixed length control field 01320cam a2200133 4500500
005 - DATE AND TIME OF LATEST TRANSACTION
control field 20251214002044.0
041 ## - LANGUAGE CODE
Language code of text/sound track or separate title fre
042 ## - AUTHENTICATION CODE
Authentication code dc
100 10 - MAIN ENTRY--PERSONAL NAME
Personal name Tertrais, Hugues
Relator term author
245 00 - TITLE STATEMENT
Title L'Asie pacifique au XXe siècle
260 ## - PUBLICATION, DISTRIBUTION, ETC.
Name of publisher, distributor, etc. Armand Colin,<br/>
Date of publication, distribution, etc. 2015.<br/>
520 ## - SUMMARY, ETC.
Summary, etc. Le XXe siècle aura beaucoup chahuté l’Asie. On s’inquiéta d’abord d’un improbable « péril jaune », alors que le Japon de Meiji prenait ses marques dans le sillage de l’Europe ; l’empire chinois se trouvait alors au plus bas, mais la foule asiatique était là, dans les campagnes et la misère : elle allait connaître une succession d’expériences sociales et politiques hors du commun, parfois tragiques, où se rencontrent et se heurtent les États, les idéologies et les peuples. La première moitié du siècle est dominée par la montée en puissance du Japon et l’apogée des empires coloniaux. Après 1945 et la « déconstruction » des empires, vient le temps des révolutions, des guerres de libération et du communisme. Une croissance économique insolente clôt le siècle. Comme régénérée par un siècle de crises et de chaos, l’Asie écrit une nouvelle partition.
856 41 - ELECTRONIC LOCATION AND ACCESS
Uniform Resource Identifier <a href="https://shs.cairn.info/l-asie-pacifique-au-xxe-siecle--9782200289751?lang=fr&redirect-ssocas=7080">https://shs.cairn.info/l-asie-pacifique-au-xxe-siecle--9782200289751?lang=fr&redirect-ssocas=7080</a>

Pas d'exemplaire disponible.

PLUDOC

PLUDOC est la plateforme unique et centralisée de gestion des bibliothèques physiques et numériques de Guinée administré par le CEDUST. Elle est la plus grande base de données de ressources documentaires pour les Étudiants, Enseignants chercheurs et Chercheurs de Guinée.

Adresse

627 919 101/664 919 101

25 boulevard du commerce
Kaloum, Conakry, Guinée

Réseaux sociaux

Powered by Netsen Group @ 2025